Handling radioactivity: a practical approach for scientists and engineers

Պահպանված է:
Մատենագիտական մանրամասներ
Հիմնական հեղինակ: Stewart, Donald Charle (Հեղինակ)
Ձևաչափ: Գիրք
Լեզու:անգլերեն
Հրապարակվել է: Nueva York John Wiley 1981
Խորագրեր:
Ցուցիչներ: Ավելացրեք ցուցիչ
Չկան պիտակներ, Եղեք առաջինը, ով նշում է այս գրառումը!

MARC

LEADER 00000nam a2200000 a 4500
001 UCL2728
003 CL-VaPUC
008 031107e19810000US |||||||||||||||||eng|d
082 0 4 |a 604.7  |b STE  |2 21 
100 0 |a Stewart, Donald Charle  |e author  |9 479828 
245 1 0 |a Handling radioactivity: a practical approach for scientists and engineers 
300 |a 282 p 
942 |c BK 
945 |d 20031107 00:00:00  |a vberengu 
260 |a Nueva York  |b John Wiley  |c 1981 
650 7 |a RADIACTIVIDAD  |2 CL-VaPUC  |9 354956 
650 7 |a RADIOISOTOPOS  |2 CL-VaPUC  |9 361759 
650 7 |a MATERIALES RADIACTIVOS  |2 CL-VaPUC  |9 357363 
583 |a last modification  |c 20031107 00:00:00  |k Rodrigo Vera 
999 |c 305936  |d 305934 
952 |0 0  |1 0  |4 0  |6 604_700000000000000_STE_1981  |7 0  |8 A  |9 370504  |a BIBCUR  |b BIBCUR  |d 2019-11-21  |i 2084961  |o 604.7 STE 1981  |p 2084961  |r 2025-04-22  |w 2019-11-21  |y BK  |k FIS